01055nam a22002537i 4500999001700000003000900017008004100026020002200067040007100089082002100160100003100181245002900212260003100241300002900272500003300301505019600334650002600530650003800556650003700594650002500631942001600656945002000672952010900692  c22924d22924AR-CdUCM240529b20102010 pe||||| |||| 00| 0 spa d  a978-612-302-495-6  aMUNICIPALIDAD PROVINCIAL DEL CUSCOcBIBLIOTECA MUNICIPAL DEL CUSCO  a101 / C13AbC13A  aCabezas Onofrio, Rubén.   aApuntes de Filosofía /  aLima : bSan Marcos,c2010  a121 páginas. :c24 cm.  zBibliografía: página 123  aLa filosofía -- Filosofía antigua -- Filosofía medieval -- Filosofía moderna -- Filosofía contemporánea -- Filosofía y cosmogonía -- La ciencia y la técnica -- Racionalidad   aLa filosofía913801  aFilosofía y cosmogonía950011  aLa ciencia y la técnica950012  aRacionalidad 914981  2ddccLIBROS  apbjd2024-05-29  002ddc4070aSHbSHcCARTd2024-05-29eDonacióng10.00o101 / C13A pSH0000016761r2024-05-29yLIBROS